Crown, community and parliament in the later middle ages: studies in English constitutional history (Record no. 423150)

000 -LEADER
fixed length control field 00550cam a22001457a 4500
008 - FIXED-LENGTH DATA ELEMENTS--GENERAL INFORMATION
fixed length control field 180718b1951 xxu||||| |||| 00| 0 eng d
082 ## - DEWEY DECIMAL CLASSIFICATION NUMBER
Classification number Cox42 L319
100 ## - MAIN ENTRY--PERSONAL NAME
Personal name Lapsley, Gaillard T.
245 ## - TITLE STATEMENT
Title Crown, community and parliament in the later middle ages: studies in English constitutional history
Statement of responsibility, etc. by Gaillard T. Lapsle and edited by Helen M. Cam & Geoffrey
260 ## - PUBLICATION, DISTRIBUTION, ETC.
Place of publication, distribution, etc. Oxford
Name of publisher, distributor, etc. Blackwell
Date of publication, distribution, etc. 1951
300 ## - PHYSICAL DESCRIPTION
Extent xiii, 420p
650 ## - SUBJECT ADDED ENTRY--TOPICAL TERM
Topical term or geographic name entry element Constitutional history --Great Britain
700 ## - ADDED ENTRY--PERSONAL NAME
Personal name Barraclough, Geoffrey, ed.
700 ## - ADDED ENTRY--PERSONAL NAME
Personal name Cam, Helen M., ed.
Holdings
Withdrawn status Lost status Damaged status Not for loan Permanent Location Current Location Date acquired Full call number Barcode Date last seen Price effective from Koha item type
        Indian Institute of Public Administration Indian Institute of Public Administration 2009-09-01 Cox42 L319 2078 2018-07-21 2018-07-21 Book

Powered by Koha